[Event "4NCL Online Division 3"]
[Site "online"]
[Date "2022.01.25"]
[EventDate "2022.01.25"]
[Round "1.102"]
[White "Taylor, Robert P"]
[WhiteElo "1639"]
[WhiteTeam "Ashfield Anonymous D"]
[Black "Robertson, Jim"]
[BlackElo "1703"]
[BlackTeam "East Kilbride Strollers"]
[Result "1-0"]
[PlyCount "71"]

1. d4 d5 2. Nc3 f5 3. Bf4 e6 4. Nf3 Nf6 5. e3 c6 6. Bd3 Nbd7 7. O-O Be7 8. Ne5 O-O 9. h3 Ne4 10. Bh2 Qe8 11. f3 Nxc3 12. bxc3 Nxe5 13. Bxe5 Bf6 14. Bd6 Be7 15. Be5 Bf6 16. Bd6 Rf7 17. e4 e5 18. Bc5 dxe4 19. fxe4 f4 20. Kh1 Be6 21. d5 Bd7 22. Qf3 Bh4 23. Rad1 Rf6 24. Bf2 Rh6 25. dxc6 bxc6 26. Bc4+ Kh8 27. Bxh4 Rxh4 28. Rd6 a5 29. Qf2 g5 30. Rfd1 Bxh3 31. gxh3 Rxh3+ 32. Kg1 Qh5 33. Rd8+ Rxd8 34. Rxd8+ Kg7 35. Qa7+ Kf6 36. Rf8+ 1-0

[Event "4NCL Online Division 3"]
[Site "online"]
[Date "2022.01.25"]
[EventDate "2022.01.25"]
[Round "1.103"]
[White "Stewart, Alastair G"]
[WhiteElo "1576"]
[WhiteTeam "East Kilbride Strollers"]
[Black "Fraser, Chris"]
[BlackElo "1562"]
[BlackTeam "Ashfield Anonymous D"]
[Result "1-0"]
[PlyCount "61"]

1. d4 Nf6 2. Nf3 e6 3. e3 c5 4. Bd3 d5 5. c3 Be7 6. Nbd2 O-O 7. O-O b6 8. dxc5 Bxc5 9. e4 Bb7 10. e5 Ne4 11. Qe2 Nxd2 12. Bxd2 Nc6 13. Bxh7+ Kh8 14. Bc2 Be7 15. Qd3 g6 16. Qe3 Kg8 17. Qh6 f5 18. Qxg6+ Kh8 19. Qh6+ Kg8 20. Qxe6+ Rf7 21. Bh6 Bf8 22. Qg6+ Bg7 23. Ng5 Nxe5 24. Qh7+ Kf8 25. Bxg7+ Rxg7 26. Ne6+ Ke7 27. Nxg7 Kd6 28. Nxf5+ Kc6 29. Nd4+ Kd6 30. Qh6+ Kc5 31. Ne6+ 1-0

[Event "4NCL Online Division 3"]
[Site "online"]
[Date "2022.01.25"]
[EventDate "2022.01.25"]
[Round "1.104"]
[White "Pitts, Daniel"]
[WhiteElo "1291"]
[WhiteTeam "Ashfield Anonymous D"]
[Black "Smith, Bob"]
[BlackElo "1429"]
[BlackTeam "East Kilbride Strollers"]
[Result "1-0"]
[PlyCount "165"]

1. e4 b6 2. d4 Bb7 3. Bd3 e6 4. c4 d6 5. Nc3 Nd7 6. Nf3 Ne7 7. Bg5 h6 8. Bh4 g5 9. Bg3 Bg7 10. Bc2 Ng6 11. O-O a6 12. Re1 O-O 13. e5 Bxf3 14. Qxf3 dxe5 15. Bxg6 fxg6 16. Qc6 exd4 17. Qxe6+ Kh7 18. Nd5 c5 19. Bc7 Qe8 20. Qxe8 Raxe8 21. Nxb6 Nxb6 22. Bxb6 Rxe1+ 23. Rxe1 Rb8 24. Bxc5 Rxb2 25. a3 Rc2 26. Rd1 Rxc4 27. Bb4 Kg8 28. Kf1 Kf7 29. Ke2 Rc2+ 30. Kf3 g4+ 31. Kxg4 Rxf2 32. Kg3 Rc2 33. Kf3 Ke6 34. h3 h5 35. g4 hxg4+ 36. hxg4 Be5 37. Re1 Kd5 38. g5 Rc4 39. Ke2 Rc2+ 40. Kd3 Rg2 41. Be7 Rg3+ 42. Kd2 Rg2+ 43. Kd3 Rg3+ 44. Kc2 Rg2+ 45. Kb3 Bf4 46. Bf6 Bxg5 47. Re5+ Kd6 48. Rxg5 Rxg5 49. Bxg5 Kd5 50. Bh6 Ke4 51. Kc2 Kf5 52. Kd3 g5 53. Kxd4 g4 54. Ke3 Ke6 55. Kf4 Kd5 56. Kxg4 Kc4 57. Bf8 Kd5 58. Kf5 Kc6 59. Ke6 Kb6 60. Kd7 Kb7 61. Bd6 Kb6 62. Kc8 Kc6 63. Bf8 Kb6 64. Kb8 a5 65. Be7 a4 66. Ka8 Ka6 67. Bd8 Kb5 68. Ka7 Kc6 69. Ka6 Kd7 70. Ba5 Kc6 71. Be1 Kc7 72. Bg3+ Kc6 73. Bf4 Kc5 74. Kb7 Kb5 75. Bc7 Kc4 76. Kc6 Kd4 77. Bb6+ Kc4 78. Bc5 Kd3 79. Kb5 Ke4 80. Kxa4 Kd5 81. Kb5 Ke6 82. Kc6 Ke5 83. a4 1-0

[Event "4NCL Online Division 3"]
[Site "online"]
[Date "2022.01.25"]
[EventDate "2022.01.25"]
[Round "1.111"]
[White "de Jonge, Henk"]
[WhiteElo "1945"]
[WhiteTeam "Cork A"]
[Black "Clarkson, Andrew"]
[BlackElo "2063"]
[BlackTeam "Hebden Bridge 1"]
[Result "1/2-1/2"]
[PlyCount "64"]

1. d4 Nf6 2. c4 g6 3. f3 c5 4. d5 d6 5. e4 b5 6. cxb5 a6 7. a4 Bg7 8. Nc3 O-O 9. Be3 e6 10. Bc4 axb5 11. axb5 Rxa1 12. Qxa1 exd5 13. Nxd5 Nxd5 14. Bxd5 Bd7 15. Bc4 Qb6 16. Qa4 d5 17. exd5 Re8 18. Kf2 Bxb2 19. Ne2 Bd4 20. Bxd4 cxd4 21. Bd3 Bf5 22. Rd1 Bxd3 23. Rxd3 Nd7 24. Qa6 Qb8 25. Rxd4 Nc5 26. Qc6 Qe5 27. Qxc5 Qxe2+ 28. Kg3 Qe5+ 29. Kh3 Qf5+ 30. Kg3 Qe5+ 31. Kh3 Qh5+ 32. Kg3 Qe5+ 1/2-1/2

[Event "4NCL Online Division 3"]
[Site "online"]
[Date "2022.01.25"]
[EventDate "2022.01.25"]
[Round "1.112"]
[White "Shapland, David"]
[WhiteElo "1928"]
[WhiteTeam "Hebden Bridge 1"]
[Black "Lawrence, Simon"]
[BlackElo "1682"]
[BlackTeam "Cork A"]
[Result "0-1"]
[PlyCount "126"]

1. e4 e6 2. d4 d5 3. Nd2 dxe4 4. Nxe4 Be7 5. Nf3 Nf6 6. Bd3 Nbd7 7. Qe2 Nxe4 8. Bxe4 Nf6 9. Bxb7 Bxb7 10. Qb5+ Qd7 11. Qxb7 O-O 12. O-O a6 13. Qb3 h6 14. Qd3 Rfd8 15. b3 c5 16. Bb2 Qc7 17. Qc4 Qf4 18. Rad1 Rdc8 19. Bc1 Qf5 20. Rfe1 Nd5 21. Re5 Qh7 22. Qd3 Qxd3 23. Rxd3 Nb4 24. Rd2 cxd4 25. Ba3 a5 26. Ree2 Bf6 27. Nxd4 Nxa2 28. c4 Nc3 29. Re1 Bxd4 30. Rxd4 Rab8 31. b4 axb4 32. Bb2 Na4 33. Rb1 e5 34. Re4 f6 35. g3 Nc5 36. Re2 Rd8 37. Bc1 Na4 38. Bb2 Nc5 39. Bc1 Rd1+ 40. Kg2 Na4 41. Rd2 Rxd2 42. Bxd2 b3 43. f4 e4 44. Kf2 f5 45. Ke3 Nc5 46. Bc3 Nd3 47. Be5 Nxe5 48. fxe5 Kf7 49. Kd4 Ke6 50. Kc3 Kxe5 51. Rb2 g5 52. Rb1 f4 53. gxf4+ gxf4 54. Rb2 f3 55. c5 Kf4 56. c6 Rc8 57. Rxb3 Rxc6+ 58. Kd2 Rd6+ 59. Ke1 Rd4 60. Rc3 Ra4 61. h4 e3 62. Rc1 Kg3 63. Kf1 Rxh4 0-1

[Event "4NCL Online Division 3"]
[Site "online"]
[Date "2022.01.25"]
[EventDate "2022.01.25"]
[Round "1.113"]
[White "Sharma, Vaibhav"]
[WhiteElo "1501"]
[WhiteTeam "Cork A"]
[Black "Wedge, David C"]
[BlackElo "1898"]
[BlackTeam "Hebden Bridge 1"]
[Result "0-1"]
[PlyCount "102"]

1. d4 Nf6 2. e3 b6 3. Nf3 Bb7 4. Be2 g6 5. Bc4 Bg7 6. b3 O-O 7. Bb2 d5 8. Bd3 Nbd7 9. c4 e6 10. O-O Ne4 11. Bxe4 dxe4 12. Nfd2 c5 13. Qc2 cxd4 14. exd4 f5 15. Qc3 Nb8 16. Ba3 Bxd4 17. Qg3 Bxa1 18. Bxf8 Qxf8 19. Qc7 Qf7 20. Qd8+ Kg7 21. Qh4 Nc6 22. Na3 Qf6 23. Qf4 Be5 24. Qe3 Rd8 25. Nb5 a6 26. Qxb6 Qf7 27. Na7 Qc7 28. Qxc7+ Bxc7 29. Nxc6 Rxd2 30. Nb4 a5 31. a3 axb4 32. axb4 Rb2 33. b5 Rxb3 34. Rd1 Rd3 35. Rb1 Bb6 36. Kf1 Rd2 37. Ke1 Rd4 38. Rc1 Kf7 39. c5 Ba5+ 40. Ke2 Rd2+ 41. Ke3 Rd3+ 42. Ke2 Rb3 43. c6 Bc8 44. f3 exf3+ 45. gxf3 Rxb5 46. Ke3 Bb6+ 47. Kf4 Rc5 48. Ra1 Rxc6 49. Ra8 h6 50. h4 Kf6 51. Rb8 Bc7+ 0-1

[Event "4NCL Online Division 3"]
[Site "online"]
[Date "2022.01.25"]
[EventDate "2022.01.25"]
[Round "1.114"]
[White "Leonard, Pete"]
[WhiteElo "1844"]
[WhiteTeam "Hebden Bridge 1"]
[Black "Bhattacharjee, Sumeet"]
[BlackElo "1478"]
[BlackTeam "Cork A"]
[Result "1-0"]
[PlyCount "99"]

1. e4 d6 2. d4 Nf6 3. Nc3 c6 4. Nf3 Qa5 5. Bd3 e5 6. O-O Bg4 7. Be2 Be7 8. Be3 O-O 9. h3 Bh5 10. Nd2 Bxe2 11. Nxe2 Nbd7 12. Ng3 Rfe8 13. c4 Qc7 14. b4 a5 15. bxa5 Rxa5 16. Qc2 Rea8 17. Rfb1 Nf8 18. dxe5 dxe5 19. Bb6 Qd7 20. Bxa5 Rxa5 21. Nf5 Bd8 22. Nb3 Ra7 23. Rd1 Qc8 24. Rd2 b6 25. Rad1 Ne6 26. c5 b5 27. f3 g6 28. Nd6 Qa8 29. Qb2 Bc7 30. Qxe5 Nh5 31. Nd4 Nhf4 32. Nxe6 Nxe6 33. Qc3 Ba5 34. Qc2 Bxd2 35. Rxd2 Ra4 36. e5 Qa7 37. Ne4 Rc4 38. Qb2 Nxc5 39. Rd8+ Kg7 40. e6+ Kh6 41. Qd2+ Kg7 42. Qb2+ Rc3 43. Qxc3+ Kh6 44. Qxc5 Qxa2 45. Qg5+ Kg7 46. Qf6+ Kh6 47. exf7 Qb1+ 48. Kh2 Qc1 49. f8=Q+ Kh5 50. g4# 1-0

[Event "4NCL Online Division 3"]
[Site "online"]
[Date "2022.01.25"]
[EventDate "2022.01.25"]
[Round "1.121"]
[White "Hughes, Gavin James"]
[WhiteElo "1872"]
[WhiteTeam "Brentwood Juniors"]
[Black "Salter, Ivor"]
[BlackElo "1558"]
[BlackTeam "Shropshire and Friends 5"]
[Result "1-0"]
[PlyCount "79"]

1. e4 d5 2. exd5 Nf6 3. d4 Nxd5 4. Nf3 c6 5. Bd3 g6 6. O-O Bg7 7. c4 Nf6 8. Nc3 O-O 9. h3 Re8 10. Re1 Nbd7 11. Bg5 Qc7 12. Qc2 a6 13. Re2 Qd8 14. Rae1 Nf8 15. Ne4 Ne6 16. Nxf6+ exf6 17. Bd2 Bd7 18. b4 Rc8 19. Qb3 Nc7 20. Bf4 Be6 21. Bxc7 Qxc7 22. d5 cxd5 23. cxd5 Bd7 24. Rxe8+ Rxe8 25. Rxe8+ Bxe8 26. Bc4 Qd6 27. a4 Bf8 28. b5 axb5 29. Bxb5 Bxb5 30. Qxb5 Qc7 31. Qb1 Bd6 32. Qd1 Be5 33. Nxe5 fxe5 34. d6 Qd7 35. Qd5 Kf8 36. Qxe5 Kg8 37. a5 Qe6 38. Qxe6 fxe6 39. d7 Kf8 40. d8=Q+ 1-0

[Event "4NCL Online Division 3"]
[Site "online"]
[Date "2022.01.25"]
[EventDate "2022.01.25"]
[Round "1.122"]
[White "Bonner, Dennis M"]
[WhiteElo "1483"]
[WhiteTeam "Shropshire and Friends 5"]
[Black "Pert, Max"]
[BlackElo "1692"]
[BlackTeam "Brentwood Juniors"]
[Result "0-1"]
[PlyCount "54"]

1. d4 Nf6 2. Bf4 d5 3. e3 c5 4. c3 Nc6 5. Nd2 g6 6. h3 Bg7 7. Ngf3 O-O 8. Be2 Nd7 9. O-O e5 10. Bh2 cxd4 11. exd4 exd4 12. cxd4 Nxd4 13. Nxd4 Bxd4 14. Qb3 Nb6 15. Nf3 Bg7 16. Rfd1 Be6 17. Nd4 Qh4 18. Nf3 Qe7 19. Qc2 Rac8 20. Qd2 Rfd8 21. Rac1 Nc4 22. Qf4 Nxb2 23. Rxc8 Rxc8 24. Rc1 Nc4 25. g4 Qa3 26. Ng5 Be5 27. Qf3 Qxc1+ 0-1

[Event "4NCL Online Division 3"]
[Site "online"]
[Date "2022.01.25"]
[EventDate "2022.01.25"]
[Round "1.131"]
[White "Vadalia, Jainill"]
[WhiteElo "1140"]
[WhiteTeam "Phones Pals B"]
[Black "Amir, Zain"]
[BlackElo "1607"]
[BlackTeam "Warwickshire Bears B"]
[Result "1-0"]
[PlyCount "59"]

1. d4 Nc6 2. c4 d5 3. Nc3 Nf6 4. Nf3 Bg4 5. cxd5 Nxd5 6. e4 Nxc3 7. bxc3 e6 8. Be2 Be7 9. Be3 O-O 10. h3 Bh5 11. O-O h6 12. Qd2 a6 13. a4 a5 14. Rab1 Rb8 15. d5 exd5 16. exd5 Bxf3 17. Bxf3 Ne5 18. Be2 b6 19. Rfd1 Bd6 20. c4 Qd7 21. Qc2 Rfe8 22. c5 bxc5 23. Bb5 c6 24. dxc6 Nxc6 25. Bxc5 Re6 26. Rbc1 Rg6 27. Bxd6 Rxd6 28. Rxd6 Qxd6 29. Qxc6 Qf4 30. Qc7 1-0

[Event "4NCL Online Division 3"]
[Site "online"]
[Date "2022.01.25"]
[EventDate "2022.01.25"]
[Round "1.132"]
[White "Vaidyanathan, Sathya"]
[WhiteElo "1468"]
[WhiteTeam "Warwickshire Bears B"]
[Black "Lukhi, Neev"]
[BlackElo "970"]
[BlackTeam "Phones Pals B"]
[Result "0-1"]
[PlyCount "56"]

1. e4 e5 2. Nf3 Nc6 3. Bc4 Bc5 4. Nc3 Nf6 5. d3 h6 6. a3 d6 7. h3 O-O 8. Bd2 Be6 9. Bxe6 fxe6 10. O-O d5 11. exd5 exd5 12. b4 Bd6 13. Re1 Qe7 14. Nb5 a6 15. Nxd6 Qxd6 16. c4 d4 17. c5 Qe6 18. Nxe5 Nxe5 19. f4 Nfd7 20. fxe5 Rae8 21. Re4 Nxe5 22. Rxd4 Qg6 23. Rf4 Qg3 24. Rxf8+ Rxf8 25. Kh1 Rf2 26. Qb3+ Kh8 27. Qd5 Nf3 28. Rg1 Qh2# 0-1

[Event "4NCL Online Division 3"]
[Site "online"]
[Date "2022.01.25"]
[EventDate "2022.01.25"]
[Round "1.133"]
[White "Benson, Alice"]
[WhiteElo "740"]
[WhiteTeam "Phones Pals B"]
[Black "Xia, Weiquan"]
[BlackElo "1465"]
[BlackTeam "Warwickshire Bears B"]
[Result "1-0"]
[PlyCount "111"]

1. e4 Nc6 2. d4 d5 3. e5 Bf5 4. c3 e6 5. Nf3 Be7 6. Bd3 Bg6 7. O-O f6 8. Re1 Qd7 9. Bxg6+ hxg6 10. Qe2 O-O-O 11. exf6 Nxf6 12. Qxe6 Qxe6 13. Rxe6 Bd6 14. Bg5 Rdf8 15. Bxf6 Rxf6 16. Rxf6 gxf6 17. Nbd2 Re8 18. Re1 Rxe1+ 19. Nxe1 Bf4 20. Nef3 Bxd2 21. Nxd2 Na5 22. Kf1 Kd7 23. Ke2 Ke6 24. Nb3 Nxb3 25. axb3 c6 26. g4 g5 27. Ke3 Kd6 28. f4 Ke6 29. Kf3 b6 30. Kg3 Kf7 31. fxg5 fxg5 32. h4 gxh4+ 33. Kxh4 Kg6 34. Kg3 Kg5 35. Kf3 c5 36. Kg3 Kf6 37. Kf4 Kg6 38. g5 Kg7 39. Kf5 Kf7 40. g6+ Kg7 41. Kg5 cxd4 42. cxd4 b5 43. Kf5 a6 44. Ke6 Kxg6 45. Kxd5 Kf7 46. Kc6 Ke6 47. d5+ Ke7 48. Kc7 Kf6 49. d6 b4 50. d7 a5 51. d8=Q+ Ke6 52. Qg5 a4 53. bxa4 b3 54. Qd2 Kf5 55. Qe3 Kf6 56. Kd6 1-0

[Event "4NCL Online Division 3"]
[Site "online"]
[Date "2022.01.25"]
[EventDate "2022.01.25"]
[Round "1.134"]
[White "Khashu, Rohan"]
[WhiteElo "1108"]
[WhiteTeam "Warwickshire Bears B"]
[Black "Srivastava, Aditya"]
[BlackElo "654"]
[BlackTeam "Phones Pals B"]
[Result "0-1"]
[PlyCount "158"]

1. e4 c5 2. c3 Nf6 3. d3 g6 4. Nd2 Bg7 5. d4 d6 6. Ngf3 Bg4 7. h3 Bxf3 8. Qxf3 Nc6 9. Nb3 Nd7 10. Bc4 O-O 11. O-O cxd4 12. cxd4 Nxd4 13. Nxd4 Bxd4 14. Bh6 Bg7 15. Bxg7 Kxg7 16. Rad1 Ne5 17. Qc3 Rc8 18. b3 Kg8 19. Rd5 e6 20. Rdd1 b5 21. f4 Qb6+ 22. Kh2 Nd7 23. Qb4 bxc4 24. Qxd6 Qxd6 25. Rxd6 Nc5 26. bxc4 Nxe4 27. Rd4 f5 28. Rb1 Rc7 29. g4 Rfc8 30. gxf5 exf5 31. Rc1 Kg7 32. a4 Nc5 33. a5 Nb3 34. Rdd1 Nxc1 35. Rxc1 Rxc4 36. Re1 Kf6 37. Rd1 R8c7 38. Rd6+ Ke7 39. Rd5 Rxf4 40. Re5+ Kf6 41. Re2 Ra4 42. Rd2 Rxa5 43. Rd6+ Kg5 44. Kg3 Rc3+ 45. Kf2 Ra2+ 46. Ke1 Rc1+ 47. Rd1 Rxd1+ 48. Kxd1 Kh4 49. Kc1 Kxh3 50. Kb1 f4 51. Kxa2 f3 52. Kb1 f2 53. Ka2 f1=R 54. Kb3 Rb1+ 55. Kc4 a5 56. Kd5 a4 57. Kc4 a3 58. Kd4 a2 59. Ke5 h5 60. Kf4 Rb4+ 61. Kg5 Rg4+ 62. Kf6 a1=Q+ 63. Kf7 Qa7+ 64. Kf6 Qd4+ 65. Kf7 Qf4+ 66. Kg7 Qe5+ 67. Kh7 Qe7+ 68. Kh6 Rb4 69. Kxg6 Rb6+ 70. Kxh5 Rh6+ 71. Kxh6 Qe5 72. Kg6 Qf4 73. Kh5 Qg3 74. Kh6 Kg4 75. Kg6 Qd6+ 76. Kh7 Kg5 77. Kg7 Qe7+ 78. Kg8 Kh6 79. Kh8 Qf8# 0-1

[Event "4NCL Online Division 3"]
[Site "online"]
[Date "2022.01.25"]
[EventDate "2022.01.25"]
[Round "1.141"]
[White "Strong, Chris M"]
[WhiteElo "1745"]
[WhiteTeam "Wells Globetrotters 1"]
[Black "Rogers, David M"]
[BlackElo "1643"]
[BlackTeam "Charlton Cobras B"]
[Result "0-1"]
[PlyCount "50"]

1. e4 e6 2. d4 d5 3. Nd2 Nf6 4. Bd3 c5 5. c3 cxd4 6. cxd4 dxe4 7. Nxe4 Bd7 8. Nf3 Nxe4 9. Bxe4 Bc6 10. Bc2 Bb4+ 11. Bd2 Bxf3 12. Qxf3 Bxd2+ 13. Kxd2 Qxd4+ 14. Kc1 Nc6 15. Rd1 Qc5 16. Kb1 O-O 17. Rc1 Qe5 18. h4 Nd4 19. Qe4 Qxe4 20. Bxe4 Ne2 21. Rc7 Rac8 22. Rxc8 Rxc8 23. a3 b6 24. Ka2 Nc1+ 25. Kb1 Nb3 0-1

[Event "4NCL Online Division 3"]
[Site "online"]
[Date "2022.01.25"]
[EventDate "2022.01.25"]
[Round "1.142"]
[White "Jakhria, Kushal"]
[WhiteElo "1678"]
[WhiteTeam "Charlton Cobras B"]
[Black "Goatcher, Matthew W"]
[BlackElo "1702"]
[BlackTeam "Wells Globetrotters 1"]
[Result "1-0"]
[PlyCount "101"]

1. d4 Nf6 2. c4 g6 3. Nc3 Bg7 4. e4 d6 5. Nf3 O-O 6. Be2 Nc6 7. Be3 e5 8. d5 Ne7 9. Nd2 a5 10. c5 Ne8 11. Nc4 f5 12. f3 f4 13. Bf2 dxc5 14. Bxc5 Nd6 15. Qb3 b5 16. Nxb5 Nxb5 17. Qxb5 Ba6 18. Qa4 Bxc4 19. Bxc4 Kh8 20. Rd1 Rf6 21. Qa3 Nc8 22. Kf2 Nd6 23. Be2 g5 24. h3 h5 25. Rd2 Rg6 26. Qa4 Bf8 27. Ba3 Kg7 28. b3 Be7 29. Bb2 Bf6 30. Rc2 Ra7 31. Rc6 Kh6 32. Bc3 Ne8 33. Bxa5 Qa8 34. b4 Rb7 35. Qc2 Qa7+ 36. Qc5 Bd8 37. Qxa7 Rxa7 38. Rhc1 Rxc6 39. Rxc6+ Kg7 40. Re6 Bf6 41. Rxe8 Kf7 42. Rb8 Ke7 43. Bb5 Kd6 44. Ke2 h4 45. Bc6 Ra6 46. Kd3 Be7 47. Rh8 Rxc6 48. Rh6+ Kd7 49. dxc6+ Ke8 50. Bxc7 Bxb4 51. Bxe5 1-0

[Event "4NCL Online Division 3"]
[Site "online"]
[Date "2022.01.25"]
[EventDate "2022.01.25"]
[Round "1.143"]
[White "Roome, Gregory"]
[WhiteElo "1637"]
[WhiteTeam "Wells Globetrotters 1"]
[Black "Bazan, Mateusz"]
[BlackElo "1542"]
[BlackTeam "Charlton Cobras B"]
[Result "1-0"]
[PlyCount "65"]

1. c4 g6 2. d4 Bg7 3. g3 Nf6 4. Bg2 c6 5. Nc3 e6 6. e4 d6 7. Nge2 O-O 8. O-O b6 9. Bf4 Bb7 10. Re1 c5 11. Nb5 e5 12. dxe5 dxe5 13. Bxe5 Nc6 14. Bd6 Ne7 15. e5 Bxg2 16. exf6 Bxf6 17. Kxg2 Bxb2 18. Rb1 Bf6 19. Nf4 a6 20. Nc7 Ra7 21. Rxb6 Rxc7 22. Bxc7 Qxc7 23. Rxf6 Rd8 24. Nd5 Nxd5 25. cxd5 c4 26. Rc6 Qb7 27. Rxc4 Rxd5 28. Re8+ Kg7 29. Qa1+ f6 30. Rce4 Rd7 31. Kg1 Kf7 32. Qc1 Qb5 33. Re1 1-0

[Event "4NCL Online Division 3"]
[Site "online"]
[Date "2022.01.25"]
[EventDate "2022.01.25"]
[Round "1.144"]
[White "Verbytski, Oleg"]
[WhiteElo "1492"]
[WhiteTeam "Charlton Cobras B"]
[Black "Jukes, Ben"]
[BlackElo "1565"]
[BlackTeam "Wells Globetrotters 1"]
[Result "1-0"]
[PlyCount "137"]

1. e4 c5 2. b4 d6 3. bxc5 dxc5 4. Nf3 Bg4 5. Nc3 a6 6. h3 Bxf3 7. Qxf3 e5 8. Rb1 b5 9. a4 b4 10. Nd5 Be7 11. Bc4 Nf6 12. d3 Nc6 13. Be3 Nd4 14. Bxd4 cxd4 15. g4 O-O 16. h4 Rc8 17. g5 Nxd5 18. exd5 Bd6 19. Bb3 Re8 20. Rg1 Rc3 21. Qe4 g6 22. f3 Qd7 23. Kf2 a5 24. Rh1 Rf8 25. Rbg1 f5 26. gxf6 Rxf6 27. h5 Qe8 28. Qh4 Rf4 29. Qh3 e4 30. Re1 e3+ 31. Ke2 g5 32. Reg1 h6 33. Rg4 Qf8 34. Rhg1 Kh8 35. R1g2 Rc7 36. Rxf4 Qxf4 37. Qe6 Qf8 38. Rg4 Kg7 39. Qg6+ Kh8 40. Re4 Rc8 41. Re6 Rd8 42. Qxh6+ Qxh6 43. Rxh6+ Kg7 44. Rg6+ Kh7 45. Rxg5 Kh6 46. Rg4 Kxh5 47. Rxd4 Re8 48. Rc4 Kg5 49. Rc6 Be7 50. Re6 Rh8 51. Rxe7 Rh2+ 52. Kxe3 Rh1 53. f4+ Kg4 54. d6 Kf5 55. Be6+ Kf6 56. f5 Rh3+ 57. Kd4 Rh2 58. Rf7+ Kg5 59. d7 b3 60. d8=Q+ Kg4 61. Qg8+ Kf4 62. f6 Rh4 63. Rg7 Kf3+ 64. Kc3 bxc2 65. Rg3+ Kf2 66. Rg2+ Kf1 67. Rg1+ Kf2 68. Qg3+ Ke2 69. Re1# 1-0

[Event "4NCL Online Division 3"]
[Site "online"]
[Date "2022.01.25"]
[EventDate "2022.01.25"]
[Round "1.151"]
[White "Gardiner, Harry"]
[WhiteElo "1698"]
[WhiteTeam "Crewe BOL"]
[Black "Robinson, Adam"]
[BlackElo "1990"]
[BlackTeam "Hackney Hackers"]
[Result "1-0"]
[PlyCount "83"]

1. e4 c5 2. Nf3 Nc6 3. d4 cxd4 4. Nxd4 Nf6 5. Nc3 g6 6. Nxc6 dxc6 7. Qxd8+ Kxd8 8. Bc4 Be6 9. Bxe6 fxe6 10. e5 Nd5 11. Ne4 Bg7 12. f4 Nb4 13. Kd1 b6 14. a3 Nd5 15. Ke2 h6 16. h4 Ke8 17. Be3 Rd8 18. Rad1 Kf7 19. g4 Rhf8 20. g5 h5 21. c4 Nxe3 22. Kxe3 Kg8 23. Nf2 Kh7 24. Rxd8 Rxd8 25. Rd1 Rb8 26. Rd7 b5 27. c5 b4 28. a4 b3 29. Rxa7 Rb4 30. a5 Bf8 31. a6 Ra4 32. Ra8 Kg7 33. a7 Ra2 34. Nd3 Ra4 35. Kd2 Ra6 36. Kc3 Kf7 37. Kxb3 Bg7 38. Kc4 Ra4+ 39. Nb4 Bf8 40. Kb3 Ra5 41. Nxc6 Ra6 42. Rc8 1-0

[Event "4NCL Online Division 3"]
[Site "online"]
[Date "2022.01.25"]
[EventDate "2022.01.25"]
[Round "1.152"]
[White "Wright, Robert"]
[WhiteElo "1969"]
[WhiteTeam "Hackney Hackers"]
[Black "Czyz, Jarek"]
[BlackElo "1700"]
[BlackTeam "Crewe BOL"]
[Result "0-1"]
[PlyCount "102"]

1. e4 c5 2. Nf3 e6 3. d4 cxd4 4. Nxd4 Nc6 5. Nc3 Qc7 6. Ndb5 Qb8 7. Be3 a6 8. Nd4 Nf6 9. Bd3 Bd6 10. Qd2 Ng4 11. Nxc6 bxc6 12. Bd4 f6 13. O-O-O c5 14. Be3 Nxe3 15. fxe3 Be5 16. a3 O-O 17. g4 d5 18. exd5 exd5 19. Qg2 Kh8 20. Qxd5 Bb7 21. Qc4 Bxh1 22. Rxh1 Qb6 23. h4 Rfb8 24. b3 Qa5 25. Na4 Re8 26. h5 Rad8 27. h6 g6 28. Rf1 Qc7 29. Qxa6 Qe7 30. Qc4 Bd6 31. e4 Qc7 32. Nc3 Bf4+ 33. Kb1 Bxh6 34. Nd5 Qe5 35. c3 Bg7 36. Kc2 Qh2+ 37. Kb1 Qg2 38. Nxf6 Re5 39. a4 Qd2 40. Bc2 Rf8 41. Rd1 Qxd1+ 42. Bxd1 Rxf6 43. Qd3 Ree6 44. Ka2 Rd6 45. Qe2 Rf8 46. Bc2 Bxc3 47. Qc4 Rf3 48. Qxc5 Rd2 49. Qc8+ Kg7 50. Qb7+ Rf7 51. Qd5 Rxd5 0-1

[Event "4NCL Online Division 3"]
[Site "online"]
[Date "2022.01.25"]
[EventDate "2022.01.25"]
[Round "1.153"]
[White "Stanny, Pawel"]
[WhiteElo "1322"]
[WhiteTeam "Crewe BOL"]
[Black "Conway, Paul Bernard"]
[BlackElo "1833"]
[BlackTeam "Hackney Hackers"]
[Result "0-1"]
[PlyCount "104"]

1. e4 e6 2. d4 d5 3. Nc3 Bb4 4. Bd2 dxe4 5. Nxe4 Qxd4 6. Nc3 Nf6 7. Nf3 Qb6 8. Bd3 O-O 9. O-O Be7 10. Rb1 c5 11. h3 Nc6 12. Be3 Qc7 13. Qe2 a6 14. a3 b5 15. Qe1 Bb7 16. Ne4 Ne5 17. Nxe5 Qxe5 18. Ng3 Qd5 19. f3 c4 20. Be2 Bc5 21. Bf2 Rfd8 22. Rd1 Qe5 23. Rxd8+ Rxd8 24. Bxc5 Qxc5+ 25. Kh1 h6 26. Qa5 Rd6 27. Rd1 Rxd1+ 28. Bxd1 Qd6 29. Qe1 Nd5 30. Ne4 Qb6 31. c3 Ne3 32. Nf2 Nf5 33. Ng4 Qd6 34. Bc2 Qd5 35. Qe5 h5 36. Qxd5 Bxd5 37. Bxf5 exf5 38. Ne3 Be6 39. Kg1 f4 40. Nc2 g5 41. Nd4 Kg7 42. Kf2 Kf6 43. Nxe6 fxe6 44. g4 hxg4 45. hxg4 Ke5 46. Ke2 Kd5 47. Kd2 e5 48. Ke2 e4 49. Kf2 exf3 50. Kxf3 Ke5 51. Ke2 Ke4 52. Kf2 f3 0-1

[Event "4NCL Online Division 3"]
[Site "online"]
[Date "2022.01.25"]
[EventDate "2022.01.25"]
[Round "1.154"]
[White "Reilly, Gerard"]
[WhiteElo "1756"]
[WhiteTeam "Hackney Hackers"]
[Black "Keenan, Mike"]
[BlackElo "1208"]
[BlackTeam "Crewe BOL"]
[Result "1-0"]
[PlyCount "63"]

1. d4 Nf6 2. c4 d5 3. cxd5 Nxd5 4. e4 Nf6 5. Nc3 e6 6. Bg5 Be7 7. Nf3 a6 8. Bd3 Nc6 9. Bc2 O-O 10. O-O b5 11. Rc1 Bb7 12. a3 Nd7 13. Bf4 h6 14. e5 Na5 15. Qd3 f5 16. b4 Be4 17. Nxe4 fxe4 18. Qxe4 Rf5 19. bxa5 Nf8 20. d5 Ng6 21. Bg3 Qe8 22. dxe6 Rxf3 23. gxf3 Nf8 24. Rfd1 Bxa3 25. Ra1 Bb2 26. Ra2 Bc3 27. Rd7 Nxd7 28. exd7 Qd8 29. e6 Bf6 30. Bb3 Kf8 31. Qg6 Qe7 32. Bxc7 1-0

[Event "4NCL Online Division 3"]
[Site "online"]
[Date "2022.01.25"]
[EventDate "2022.01.25"]
[Round "1.161"]
[White "Kumar, Sanjit S"]
[WhiteElo "1759"]
[WhiteTeam "KCS U13"]
[Black "Bray, David"]
[BlackElo "2012"]
[BlackTeam "Braunstone"]
[Result "1-0"]
[PlyCount "117"]

1. d4 Nf6 2. c4 e6 3. Nc3 Bb4 4. Qc2 O-O 5. e4 d5 6. e5 Ne4 7. Bd3 c5 8. Nf3 cxd4 9. Nxd4 f5 10. exf6 Nxf6 11. O-O e5 12. Nb3 e4 13. Be2 Bxc3 14. Qxc3 dxc4 15. Bxc4+ Kh8 16. Bg5 Nc6 17. Rfe1 Bf5 18. Nc5 Qe7 19. Nb3 Qb4 20. Bd2 Qd6 21. Rad1 Ng4 22. Qg3 Qxg3 23. hxg3 Nge5 24. Bf1 Rad8 25. Nc5 Bg4 26. Be2 Bxe2 27. Rxe2 Nd3 28. Ne6 Nd4 29. Nxd4 Rxd4 30. Bc3 Rdd8 31. Rxe4 Kg8 32. Re7 Rf7 33. Rxf7 Kxf7 34. Kf1 Ke8 35. Bxg7 Rd7 36. Bc3 Kf7 37. Ke2 Nc5 38. Rxd7+ Nxd7 39. Bd4 a6 40. Kd3 Ke6 41. Ke4 Nb8 42. g4 Nc6 43. f4 Nb4 44. a3 Nc6 45. f5+ Kf7 46. g5 Ne7 47. g4 Nc6 48. Kd5 Na5 49. Bc3 Nb3 50. Kd6 a5 51. Kc7 b5 52. Kb6 b4 53. axb4 axb4 54. Bxb4 Nd4 55. Bc3 Nf3 56. Kc6 Nxg5 57. b4 Ne4 58. b5 Nxc3 59. b6 1-0

[Event "4NCL Online Division 3"]
[Site "online"]
[Date "2022.01.25"]
[EventDate "2022.01.25"]
[Round "1.162"]
[White "Tang, Julian"]
[WhiteElo "1772"]
[WhiteTeam "Braunstone"]
[Black "Soulier, Alfred"]
[BlackElo "1718"]
[BlackTeam "KCS U13"]
[Result "1/2-1/2"]
[PlyCount "112"]

1. e4 c5 2. Nf3 d6 3. Bc4 Nf6 4. d3 e6 5. O-O a6 6. a4 Nc6 7. Nc3 Be7 8. Bg5 Qc7 9. Qd2 O-O 10. Rfe1 Bd7 11. h3 Rfd8 12. d4 cxd4 13. Nxd4 Nxd4 14. Qxd4 Rac8 15. Bb3 Qa5 16. Qe3 Ng4 17. hxg4 Qxg5 18. Qxg5 Bxg5 19. Rad1 Bc6 20. f3 Bf6 21. Rd3 Be5 22. Kf2 Kf8 23. g3 g5 24. Rh1 Kg7 25. Rg1 d5 26. exd5 Bxc3 27. Rxc3 Bxd5 28. Bxd5 Rxc3 29. bxc3 Rxd5 30. Ke3 Ra5 31. Rb1 Rxa4 32. Rxb7 a5 33. Kd3 Ra3 34. Rb3 Ra1 35. c4 a4 36. Rb5 a3 37. Rxg5+ Kf6 38. Ra5 a2 39. Kc3 Rg1 40. Rxa2 Rxg3 41. c5 Rxf3+ 42. Kb4 Ke7 43. Kb5 Rc3 44. Kb6 f5 45. gxf5 exf5 46. Ra7+ Ke6 47. Rxh7 Rxc2 48. c6 Ke5 49. Kb7 Ke4 50. c7 f4 51. Rh6 Rxc7+ 52. Kxc7 f3 53. Rf6 Ke3 54. Kd6 f2 55. Kd5 Ke2 56. Rxf2+ Kxf2 1/2-1/2